[Event "FRA-chT2 South 0607"]
[Site "France"]
[Date "2007.03.17"]
[Round "8.4"]
[White "Navarrete Delgado, Sergio"]
[Black "Weill, Roland"]
[Result "0-1"]
[WhiteElo "2192"]
[BlackElo "2261"]
[PlyCount "104"]
[EventDate "2006.10.15"]
[EventType "team"]
[EventRounds "11"]
[EventCountry "FRA"]
[SourceTitle "EXT 2008"]
[Source "ChessBase"]
[SourceDate "2007.11.25"]
[SourceVersion "1"]
[SourceVersionDate "2007.11.25"]
[SourceQuality "1"]
[WhiteTeam "Condom"]
[BlackTeam "L'Isle sur la Sorgue"]
[WhiteTeamCountry "FRA"]
[BlackTeamCountry "FRA"]

1. e4 e5 2. Nf3 Nc6 3. Bc4 Be7 4. d4 d6 5. dxe5 dxe5 6. Qxd8+ Bxd8 7. Nc3 Nf6 8. Be3 Bg4 9. 0-0-0 0-0 10. h3 Bh5 11. Bc5 Re8 12. g4 Bg6 13. Rde1 Na5 14. Bd3 b6 15. Ba3 c6 16. Bd6 Nd7 17. Ba6 Nb8 18. Be2 f6 19. Nh4 Nb7 20. Ba3 b5 21. Nxg6 hxg6 22. Nxb5 cxb5 23. Bxb5 Re6 24. Bc4 Kf7 25. f4 exf4 26. Rd1 Be7 27. h4 Bxa3 28. bxa3 Ke7 29. h5 gxh5 30. Rxh5 Nd7 31. g5 Nd6 32. Bxe6 Kxe6 33. gxf6 Nxf6 34. Rg5 Nfxe4 35. Rxg7 f3 36. c4 f2 37. Rg4 Rc8 38. Rf1 Rxc4+ 39. Kb2 Rc5 40. Rg6+ Ke5 41. Rg2 Nc4+ 42. Ka1 Ne3 43. Rfxf2 Nxf2 44. Rxf2 Rc1+ 45. Kb2 Nd1+ 46. Kxc1 Nxf2 47. Kc2 Kd5 48. Kb3 Kc5 49. Ka4 Kb6 50. Kb4 Nd3+ 51. Ka4 Ka6 52. Kb3 Kb5 0-1

[Event "FRA-chT2 South 0607"]
[Site "France"]
[Date "2007.02.11"]
[Round "7.4"]
[White "Sanchez, Nicolas"]
[Black "Navarrete Delgado, Sergio"]
[Result "1-0"]
[WhiteElo "2201"]
[BlackElo "2192"]
[PlyCount "57"]
[EventDate "2006.10.15"]
[EventType "team"]
[EventRounds "11"]
[EventCountry "FRA"]
[SourceTitle "EXT 2008"]
[Source "ChessBase"]
[SourceDate "2007.11.25"]
[SourceVersion "1"]
[SourceVersionDate "2007.11.25"]
[SourceQuality "1"]
[WhiteTeam "Tournefeuille"]
[BlackTeam "Condom"]
[WhiteTeamCountry "FRA"]
[BlackTeamCountry "FRA"]

1. d4 d5 2. Nf3 Nf6 3. c4 c6 4. Nc3 e6 5. Bg5 dxc4 6. e4 b5 7. a4 Qb6 8. Bxf6 gxf6 9. Be2 Bb7 10. 0-0 a6 11. d5 Nd7 12. dxc6 Bxc6 13. axb5 axb5 14. Rxa8+ Bxa8 15. Nd4 Bc6 16. Nxc6 Qxc6 17. Qa1 Bb4 18. Rd1 0-0 19. Qa7 Nb6 20. Bh5 Bc5 21. Rd8 Bxf2+ 22. Kf1 Nd7 23. Qxd7 Qxd7 24. Rxd7 Bc5 25. Nxb5 Kg7 26. Nc7 Kh6 27. Bxf7 Rb8 28. Nxe6 c3 29. Rd5 1-0